00317nam a22001457a 450000500170000002000180001704100120003508200160004710000190006324500390008225000070012126000240012830000080015236500110016020260323161026.0 a9788199181991 aEnglish aT13 R25 YES aYesudas Poorna aKuri Therntheduththa Sirukathaigal a01 aChennaibNCBHc2025 a404 b330.00